Pride and prejudice Περηφάνια & προκατάληψη

Η άφιξη του πλούσιου αριστοκράτη Φιτζγουίλιαμ Ντάρσι αναστατώνει τα γυναικεία μέλη της οικογένειας Μπένετ. Η κυρία Μπένετ, μητέρα πέντε κοριτσιών, είναι σίγουρη πως μία από τις κόρες της θα καταφέρει να κλέψει την καρδιά το υπεριζήτητου γαμπρού. Την πεποίθησή της δεν συμμερίζεται η πεισματάρα κόρη τ...

Πλήρης περιγραφή

Αποθηκεύτηκε σε:
Λεπτομέρειες βιβλιογραφικής εγγραφής
Άλλοι συγγραφείς: Langton, Simon (Διευθυντής), Ehle, Jennifer, 1969- (Ηθοποιός), Firth, Colin, 1960- (Ηθοποιός)
Μορφή: Διαφάνειες
Γλώσσα:English
Greek
Δημοσίευση: [S.l.] : BBC, c1995.
Θέματα:
Ετικέτες: Προσθήκη ετικέτας
Δεν υπάρχουν, Καταχωρήστε ετικέτα πρώτοι!

MARC

LEADER 00000ngm a2200000 a 4500
001 1/126079
008 230201s1995####xx ||| | | ||eng||
040 |a GR-MyUa  |b gre  |c GR-MyUa  |e AACR2 
041 0 |a eng  |j gre 
082 7 |a 791. 437   |2 (23) 
245 0 0 |a Pride and prejudice   |h [μαγνητοσκόπηση] =   |b Περηφάνια & προκατάληψη /   |c directed by Simon Langton. 
246 1 |i Παράλληλος τίτλος:   |a Περηφάνια & προκατάληψη 
260 |a [S.l.] :   |b BBC,   |c c1995. 
300 |a 2 βιντεοδίσκοι (311 λεπτά) :   |b ομίλ., έγχρ. ;   |c 4 3/4 ίν. 
500 |a Κυκλοφόρησε πρώτη φορά ως τηλεοπτική σειρά το 1995. 
508 |a Σενάριο, Andrew Davies ; βασισμένο στο μυθιστόρημα της Jane Austen. 
511 0 |a Colin Firth, Jennifer Ehle, David Bamber, Crispin Bonham-Carter, Anna Chancelor, Susannah Harker, Barbara Leigh-Hunt, Adrian Lukis, Julia Sawalha, Alison Steadman. 
520 8 |a Η άφιξη του πλούσιου αριστοκράτη Φιτζγουίλιαμ Ντάρσι αναστατώνει τα γυναικεία μέλη της οικογένειας Μπένετ. Η κυρία Μπένετ, μητέρα πέντε κοριτσιών, είναι σίγουρη πως μία από τις κόρες της θα καταφέρει να κλέψει την καρδιά το υπεριζήτητου γαμπρού. Την πεποίθησή της δεν συμμερίζεται η πεισματάρα κόρη της Ελίζαμπεθ, που επηρεασμένη από τα κακόβουλα σχόλια των γειτόνων και την περηφάνια αυτού του άντρα, απορρίπτει την πρόταση γάμου από τον Ντάρσι. Καθώς, όμως, ο κόσμος γύρω τους ανατρέπεται από τα συνεχή σκάνδαλα, η Ελίζαμπεθ βρίσκει στο πρόσωπό του έναν αγαπημένο σύμμαχο. 
546 |a Στα αγγλικά με υπότιτλους στα ελληνικά. 
650 0 |a Courtship  |v Drama. 
655 7 |a Television mini-series  |2 lcgft 
700 1 |a Langton, Simon,  |e drt 
700 1 |a Ehle, Jennifer,   |d 1969-  |e act 
700 1 |a Firth, Colin,   |d 1960-  |e act 
852 |a INST  |b SYROS  |c AV  |e 20230131  |h 791.437 LAN  |p 005500015478  |q 005500015478  |t DVD  |v dvd .2:  |y 23 
852 |a INST  |b SYROS  |c AV  |e 20230131  |h 791.437 LAN  |p 005500015479  |q 005500015479  |t DVD  |v dvd .1:  |y 23 
853 |a INST  |b SYROS  |c AV  |h 791.437 LAN 
970 |a Κοντού  |b Παρασκευή  |z 01/02/2023